| 000 | | | 07519cmc2a2200000 x 450 |
| 001 | | | d1b3f2ae-f91a-4601-9c58-86bb023b14a5 |
| 005 | | | 20151124142619.0 |
| 100 | ## | $a | 20140616l18831899k l0rusy0189 ca |
| 101 | 0# | $a | rus |
| 102 | ## | $a | RU |
| 200 | 1# | $a | Письма разных лиц К. П. Победоносцеву и другие материалы по Варшавской епархии |
| | $j | 1883-1899 гг. |
| 251 | ## | $c | Дело |
| 300 | ## | $a | Рукописный текст. Чернила |
| 300 | ## | $a | Оригинальный заголовок дела: Письма разных лиц о Сувалкском православном детском приюте, об устройстве Лесненского женского монастыря; о желании перейти из англиканского исповедания в православие. Статистические сведения о положении православия в губерниях с бывшим униатским населением. Рапорт Радинского уездного управления губернатору о содержании зданий бывших унитских церквей. 1883 - 1899 гг. |
| 801 | #0 | $a | RU |
| | $b | РГИА |
| | $c | 20140616 |
| | $g | RCR |
| 801 | #1 | $a | RU |
| | $b | ГлавНИВЦ |
| | $c | 20140616 |
| | $2 | rusmarc |
| 801 | #2 | $a | RU |
| | $b | ПБ им. Б.Н. Ельцина |
| | $c | 20151102 |
| | $g | RCR |
| | $2 | rusmarc |
| 850 | ## | $a | Федеральное казенное учреждение "Российский государственный исторический архив" |
| 852 | ## | $a | РГИА |
| | $j | 80 |
| 937 | ## | $h | РГИА |
| | $d | 11513084 |
| | $a | ASBIBLIO_SCAN |
| 462 | #0 | $1 | 00148f1324f-f422-4055-959a-1b8f0f8dfe70 |
| | $1 | 2001 |
| | $a | Материалы Константина Петровича Победоносцева по Канцелярии обер-прокурора Святейшего Синода |
| | $v | Д. 80 |
| | $1 | 251 |
| | $c | Опись |
| | $1 | 852 |
| | $j | 2 |
| 461 | #0 | $1 | 0015e8db685-8d8d-4e3a-a7fe-5805b9da23ef |
| | $1 | 2001 |
| | $a | Победоносцев Константин Петрович (1827-1907) |
| | $1 | 251 |
| | $c | Фонд |
| | $1 | 852 |
| | $j | 1574 |
| 215 | ## | $a | 31 лист |
| | $d | 36,5х26 см |
| 371 | ## | $a | Документ не является опубликованным и широко распространяемым |
| 105 | ## | $a | y### |
| 122 | 2# | $a | d1883###### |
| | $a | d1899###### |
| 517 | 1# | $a | Письма разных лиц о Сувалкском православном детском приюте, об устройстве Лесненского женского монастыря; о желании перейти из англиканского исповедания в православие. Статистические сведения о положении православия в губерниях с бывшим униатским населением. Рапорт Радинского уездного управления губернатору о содержании зданий бывших унитских церквей |
| | $e | 1883 - 1899 гг. |
| 330 | ## | $a | Письма: 1) Людмилы, настоятельницы Теолинского монастыря, о подведомственной ей обители; 2) Екатерины, игуменьи Лесненского монастыря; 3) [Роу] Е. Я., англичанки из города Седлеца Люблинской губернии, о намерении принять православие; 4) Сидорского И., начальника Сувалкской учебной дирекции, о Сувалкском православном детском приюте. Рапорт из Радинского уездного управления Люблинскому губернатору о содержании зданий бывших униатских церквей. «Ведомость статистическим данным о положении и ходе дела православия в губерниях с бывшим греко-униатским населением». Документы (определение Синода и пр.) о передаче церкви Александро-Невской цитадели в ведение протопресвитера военного и морского духовенства. Проект устава девятиклассного мужского среднего частного училища [К.] Гралевского в деревне Прусиско Петроковской губернии |
| 035 | ## | $a | d1b3f2ae-f91a-4601-9c58-86bb023b14a5 |
| 601 | 02 | $a | Варшавская епархия |
| | $j | Документы и материалы |
| | $2 | prlib_sh |
| | $3 | LIBNET\UAF\0000061146 |
| 601 | 01 | $a | Россия |
| | $j | Документы и материалы |
| | $b | Синод |
| | $x | История |
| | $2 | prlib_sh |
| | $3 | DITM\AF\0000003664 |
| 600 | #1 | $a | Победоносцев |
| | $b | К.П. |
| | $f | 1827 - 1907 |
| | $g | Константин Петрович |
| | $j | Документы и материалы |
| | $x | Деятельность |
| | $2 | prlib_sh |
| | $3 | LIBNET\UAF\0000061099 |
| 605 | ## | $a | Власть |
| | $l | коллекция |
| | $2 | acquisition_Prlib |
| | $3 | DITM\AF\0000002775 |
| 605 | ## | $a | Святейший Синод |
| | $l | коллекция |
| | $2 | acquisition_Prlib |
| | $3 | LIBNET\UAF\0000061018 |
| 605 | ## | $a | Территория |
| | $l | коллекция |
| | $2 | acquisition_Prlib |
| | $3 | DITM\AF\0000004675 |
| 686 | ## | $a | 63.3(2)53ю1 |
| | $2 | rubbk |
| | $v | LBC/M |
| 686 | ## | $a | 86.372.24ю1 |
| | $2 | rubbk |
| | $v | LBC/M |
| 856 | 4# | $u | http://www.prlib.ru/Lib/pages/item.aspx?itemid=131086 |